Risultati della Juventus in UEFA Champions League 2013-2014 - Statistics

Statistiche generali
  • Questo quiz è stato fatto 19 volte
  • Il punteggio medio è 4 su 6
Statistiche sulle risposte
Hint Risposta % Corretto
Copenaghen - Juventus 1-1
69%
Juventus - Galatasaray 2-2
69%
Juventus - Copenaghen 3-1
63%
Real Madrid - Juventus 2-1
56%
Juventus - Real Madrid 2-2
56%
Galatasaray - Juventus 0-1
44%
Nessun quiz corrispondente trovato
Distribuzione punteggi
Percentuale di utenti per punteggio
Percentile per numero di risposta
I tuoi punteggi nel tempo
Non hai fatto questo quiz